00755nam a22001697a 450000500170000000800400001702000180005705000220007524502220009725000120031926000640033130000340039565000380042965000370046770000430050470000380054720150907110201.0150907b mx||||| |||| 00| 0 spa d a978607468752104aKGF2709bJ85 201513aEl juicio de amparo en la Declaración Universal de los Derechos Humanos :bEl Patrimonio Documental de la SCJN: Una Postulación a la UNESCO /ccoordinadores Francisco Tortolero Cervantes, Carlos Pérez Vázquez. a1a ed. aMéxico :bSuprema Corte de JUsticia de la Nación,c2015 axvii, 320 p. :bil. ;c28 cm. 72LembaRecurso de amparozMéxico 72LembaDerechos humanoszMéxico1 aTortolero Cervantes, Francisco, coord.1 aPérez Vázquez, Carlos, coord.